Middle Name of WTP Kids - Statistics

General Stats
  • This quiz has been taken 9 times
  • The average score is 5 of 10
Answers on the Grid
Answers color-coded by a green-red scale on the quiz's grid according to % correct below.
Wrye
Wolfgang
Strange
Raquin
Price
Olivia
Mason
Leisie
Keaton
Johnson
Hurst
Heath
Feightner
DeYoung
Cade
Briggs
Bradley
Ben
Asher
" "
 
Answer Stats
Answer % Correct
Wrye
100%
" "
67%
Asher
67%
Heath
67%
Keaton
67%
Leisie
67%
Bradley
33%
Price
33%
Raquin
33%
Olivia
0%
No matching quizzes found
Score Distribution
Percent of People with Each Score
Percentile by Number Answered
Your Score History
You have not taken this quiz